Análisis multivariante: (Registro nro. 29122)
[ vista simple ]
| 000 -LÍDER | |
|---|---|
| fixed length control field | 00663nam a22002177a 4500 |
| 003 - IDENTIFICADOR DEL NÚMERO DE CONTROL | |
| control field | ITZ |
| 005 - FECHA Y HORA DE LA ULTIMA TRANSACCIÓN | |
| Campo de control | 20230913170109.0 |
| 008 - ELEMENTOS DE LONGITUD FIJA -- INFORMACIÓN GENERAL | |
| fixed length control field | 230913b |||||||| |||| 00| 0 spa d |
| 020 ## - NÚMERO INTERNACIONAL NORMALIZADO PARA LIBROS | |
| ISBN | 978-987-3889-19-6 |
| 035 ## - Número de ficha (Janium) | |
| Número de ficha (Janium) | 17505 |
| 041 ## - CÓDIGO DE IDIOMA | |
| Código de idioma para texto/pista de sonido o título separado | spa |
| 050 ## - SIGNATURA TOPOGRAFICA DE LA BIBLIOTECA DEL CONGRESO (LC) | |
| Número de Clasificación | QA278 |
| Cutter | V45 2017 |
| 082 ## - NUMERO DE CLASIFICACION DECIMAL DEWEY | |
| Número de Clasificación | 519.535 |
| Cutter | V432a 2017 |
| 100 1# - ASIENTO PRINCIPAL--NOMBRE PERSONAL | |
| Nombre personal | Véliz Capuñay, Carlos |
| 245 ## - TÍTULO | |
| Título | Análisis multivariante: |
| Parte restante del título | métodos estadísticos multivariantes para la investigación |
| Mención de responsabilidad, etc. | Carlos Véliz Capuñay |
| 250 ## - MENCIÓN DE EDICIÓN | |
| Mención de edición | 1 |
| 260 ## - PUBLICACIÓN, DISTRIBUCIÓN, ETC. (PIE DE IMPRENTA) | |
| Lugar de publicación, distribución, etc. | Argentina |
| Nombre del editor, distribuidor, etc. | Cengage Learning |
| Fecha de publicación, distribución, etc. | 2017 |
| 300 ## - DESCRIPCIÓN FÍSICA | |
| Extensión | xii, 195., il. / |
| Dimensiones | 24 cm. |
| 650 ## - ASIENTO SECUNDARIO DE MATERIA - TERMINO TEMÁTICO | |
| Término temático o nombre geográfico como elemento de entrada | 1.ANALISIS MULTIVARIABLE / 2. ESTADISTICA - METODOS |
| 942 ## - TIPO DE MATERIAL (KOHA) | |
| Koha item type | Libros |
| No. biblioteca | No. biblioteca | Número de clasificación | Código de barras/Número de adquisición | Número de copia | Tipo de material | Otras carreras |
|---|---|---|---|---|---|---|
| ÁREA DE BÁSICAS | ÁREA DE ELECTROMECÁNICA | 519.535 V432a 2017 | 54081 | 2 | Libros | ÁREA DE INDUSTRIAL |
| ÁREA DE ELECTROMECÁNICA | ÁREA DE INDUSTRIAL | 519.535 V432a 2017 | 54080 | 1 | Libros | ÁREA DE SISTEMAS COMPUTACIONALES |
